000 00213nam a22000857a 4500
008 170113b xxu||||| |||| 00| 0 eng d
100 _92390
_aJain.S.K.etal
245 _aLab Science-10
260 _aNew Delhi
_bSrijan
_c2011
999 _c5401
_d5401